| 000 | 00984nas a2200325 4500 | ||
|---|---|---|---|
| 001 | BR2015000589 | ||
| 003 | BR-BrBNA | ||
| 005 | 20231205124948.0 | ||
| 007 | ta | ||
| 008 | 230509b bl.|||p| |||| 00| 00por d | ||
| 040 |
_aBR-BrBNA _bpor _cBiblioteca Nacional de Agricultura |
||
| 041 | _a(En) | ||
| 072 | _aP30 | ||
| 100 | 1 | _aCarmo, D.L. | |
| 100 | 1 | _aNannetti, D.C. | |
| 100 | 1 | _aDias Junior, M.S. | |
| 100 | 1 | _aLacerda, T.M. | |
| 100 | 1 | _aNannetti, A.N. | |
| 100 | 1 | _aManuel, L. | |
| 245 | 1 | _aChemical and physical attributes of a latosol and coffee crop nutrition in agroforestry and conventional management systems | |
| 650 | _aCAFE | ||
| 650 | _aLATOSSOLO | ||
| 650 | _aFERTILIDADE DO SOLO | ||
| 650 | _aCOFFEA ARABICA | ||
| 650 | _aFISICA DO SOLO | ||
| 650 | _aQUIMICA DO SOLO | ||
| 773 | 0 |
_tCoffee Science (Brazil) _xISSN 1809-6875 _g(Jan-Mar 2014), v. 9(1) p. 122-131 _wBR2015000589 |
|
| 909 |
_a202311 _bLúcia _c55 _dLúcia Elande |
||
| 942 |
_2AGRIS _n0 _cANA |
||
| 999 |
_c241863 _d241863 |
||